000 00735cam a2200217 4500
001 X123026
008 030716n2003 000 0 eng u
035 _a(Sirsi) u123026
100 _aBarrett, C.
245 2 _aA woman's place
260 _c2003
490 _aProperty Week
_v68(22) 6 June 2003, 34-37(4)
520 _aReports on the findings of RICS' "Raising the ratio" study which highlights that female surveyors still face sex discrimination in the property profession.
650 _aFEMALE SURVEYORS
650 _aSEX DISCRIMINATION
650 _aSURVEYING PROFESSION
650 _aRICS RAISING THE RATIO CAMPAIGN
650 _aRICS
690 _aMANAGEMENT-BUSINESS MANAGEMENT-PROFESSIONAL PRACTICE
942 _n0
999 _c73060
_d73060